000 00783 a2200205 4500
003 NUST
005 20251112153005.0
040 _cNust
082 _a621.382,SHA
100 _aShahzad , GC Bilal (TCC-11)
_9131842
245 _aReal time implementation of PC based echo cancellation system /
_cGC Bilal Shahzad, GC Qamar Abbas Bukhari and GC Waqqas Haider
260 _aRawalpindi
_bMCS (NUST)
_c2003
300 _a96 p.;
505 _aEcho in network (Page-2), Adaptive Filtering (Page-15), Telephone Line Audio Interface Circuits (Page-27), Descriptions of Auto Card (Page-48), Design and Implementation Issues (Page- 73).
538 _a
650 _aUG Projects
_998716
651 _aTCC-11
_9131828
700 _aSupervised by Dr. Jamil Ahmed
_9131843
942 _cPR
_2ddc
999 _c182759
_d182759